00685 a2200169 4500003000500000005001700005010001300022040000900035082001500044100002200059245007300081260003800154300006100192505018500253600002200438650005500460Nust20230307094206.0 a44005081 cNust a355.02,DRA aDraper, Theodore, aThe six week's war :bFrance May 10-June 25, 1940 /cTheodore Draper aThe Viking press,bNew Yorkc1944 avi, 346 pbillusc(maps) 22 cmeBibliography: p. 332-336 aPart.I The Battle of Wits (Page-1), Part.II The Break-Through (Page-55), Part.III The Diversion (Page-92), Part.IV The Encirclement (Page-158), Part.VI The Armistice (Page-214).  aDraper, Theodore, aThe six weeks’ war; France, May 10-June 25, 1940